000
00299nam a22001337a 4500
008
170401b xxu||||| |||| 00| 0 eng d
020
_a
9780065008432
041
_a
eng
080
_a
574
100
_a
9
101
_a
SHM
245
_a
THE ILLUSTRATED FIVE KINGDOMS
_c
SCHWARTZ, K.V
942
_2
udc
_c
BK
999
_c
9442
_d
9442